|
|
|
|
| LEADER |
00000nab a2200000 a 4500 |
| 001 |
vtls011580393 |
| 003 |
SK-MaSNL |
| 005 |
20260305031310.0 |
| 008 |
160920 2016 xo m 000 0 slo |
| 038 |
|
|
|a PPPK
|
| 040 |
|
|
|a PPPKCL
|b slo
|c PPPK
|e AACR2
|
| 041 |
0 |
|
|a slo
|
| 044 |
|
|
|a xo
|c SK
|
| 080 |
|
|
|a 796.332
|2 2011
|
| 080 |
|
|
|a 796.332:061
|2 2011
|
| 245 |
0 |
0 |
|a Futbal na dedine
|c [text a foto] (lid)
|
| 300 |
|
|
|b Fotogr.
|
| 610 |
2 |
7 |
|a TJ Tatran Spišské Hanušovce
|2 pppkcl
|9 1609103
|
| 650 |
0 |
7 |
|a futbal
|2 pppkcl
|9 3291
|
| 650 |
0 |
7 |
|a futbalové kluby
|2 pppkcl
|9 70395
|
| 651 |
|
7 |
|a Spišské Hanušovce (Slovensko)
|2 pppkcl
|9 28522
|
| 651 |
|
7 |
|a Kežmarok (Slovensko : okres)
|2 pppkcl
|9 51824
|
| 773 |
0 |
|
|t Zamagurské noviny : regionálny mesačník
|g Roč. V, č. 8 (2016), s. 16
|x 1338-8061
|
| 852 |
|
|
|a PPPK
|b KIS3GCP
|
| 999 |
|
|
|c 3315608
|d 3317538
|